Rupaul's Drag Race S11 • SUDDEN DEATH - Statistics

General Stats
  • This quiz has been taken 219 times
  • The average score is 12 of 15
Answers on the Grid
Answers color-coded by a green-red scale on the quiz's grid according to % correct below.
A'Keria C. Davenport
Ariel Versace
Brooke Lynn Hytes
Honey Davenport
Kahanna Montrese
Mercedes Iman Diamond
Nina West
Plastique Tiara
Ra'Jah O'Hara
Scarlet Envy
Shuga Cain
Silky Nutmeg Ganache
Soju
Yvie Oddly
Vanessa Vanjie Mateo
Dahlia Sin
Jan
Asia O'Hara
Charlie Hides
Joey Jay
Lala Ri
Alyssa Hunter
Irene Dubois / The Alien
Princess Poppy
Mrs. Kasha Davis
Magnolia Crawford
Valentina
Acid Betty
Jewels Sparkles
Delta Work
Raja
Tatianna
Detox
Jimbo
Miss Abby OMG
Carmen Farala
Perseo
Hellena Malditta
Metamorkid
Gala Varo
 
Answer Stats
Answer % Correct
Vanessa Vanjie Mateo
87%
Yvie Oddly
87%
Brooke Lynn Hytes
86%
A'Keria C. Davenport
85%
Ra'Jah O'Hara
85%
Nina West
84%
Plastique Tiara
84%
Shuga Cain
84%
Silky Nutmeg Ganache
84%
Scarlet Envy
82%
Ariel Versace
80%
Kahanna Montrese
80%
Soju
80%
Honey Davenport
78%
Mercedes Iman Diamond
76%
No matching quizzes found
Score Distribution
Percent of People with Each Score
Percentile by Number Answered
Your Score History
You have not taken this quiz